Global project management handbook

Bibliographic Details
Main Author: Cleland, David I.
Other Authors: Cleland, David I (ed)
Format: Book
Published: New York : McGraw-Hill , 1994
Subjects:

MARC

LEADER 00000cam a2200000 7i4500
001 0000001535
005 20050430.0
020 |a 0070113297 
040 |a INS 
090 0 0 |a HD69.P75   |b G56 1994 
100 0 |a Cleland, David I. 
245 1 0 |a Global project management handbook   |c ed. David I. Cleland and Roland Gareis 
260 |a New York :   |b McGraw-Hill ,   |c 1994 
300 |a vp ;   |c 23 cm. 
650 0 0 |a Industrial project 
700 1 |a Cleland, David I (ed) 
999 |a 0000006016   |b BOOK   |c Open Shelf   |e Default branch